Statistics for Biggest Cities in Georgia

Click here to take the quiz!

General Stats

  • This quiz has been taken 8,769 times
    (2,877 since last reset)
  • The average score is 8 of 27

Answer Stats

Population City % Correct
498,044Atlanta
100%
145,862Savannah
81%
(125,964)Athens
63%
(153,095)Macon
60%
(196,939)Augusta
58%
194,160Columbus
44%
60,806Marietta
35%
56,426Valdosta
34%
66,255Alpharetta
29%
36,634Rome
28%
75,249Albany
27%
108,797Sandy Springs
25%
75,797Warner Robins
24%
94,650Roswell
23%
41,464Gainesville
22%
33,500Dalton
19%
84,310Johns Creek
19%
56,706Smyrna
19%
31,667Statesboro
16%
49,459Dunwoody
15%
26,443Carrollton
14%
30,291LaGrange
14%
54,145Brookhaven
13%
32,872Hinesville
12%
43,509Peachtree Corners
10%
97,277South Fulton
6%
54,522Stonecrest
5%

Score Distribution

Percentile by Number Answered

Percent of People with Each Score

Your Score History

You have not taken this quiz since the last reset